000 01305cam a2200145 4500500
005 20260208000022.0
041 _afre
042 _adc
100 1 0 _aDelorme, Jean
_eauthor
700 1 0 _aThériault, Jean-Yves
_eauthor
245 0 0 _aL'heureuse annonce selon Marc, I : Lecture intégrale du deuxième évangile
260 _bÉditions du Cerf,
_c2008.
520 _aMerveilleux maître de lecture et semeur de parole, Jean Delorme s’est intéressé toute sa vie à l’évangile selon Marc. L’exégète et sémioticien de renom fait une lecture suivie de l’ensemble de cet évangile. Attentive aux moindres détails, cette lecture en construit la signification en un ensemble cohérent. Au-delà de la simple audition d’un message, fût-il « bonne nouvelle », le lecteur est engagé dans un exigeant parcours d’initiation à l’heureuse annonce du règne de Dieu. Dans l’entrelacement du récit mémorial des événements passés et de la parole interprétante, le lecteur de l’évangile de Marc est ainsi conduit sur la voie de l’écoute de cet Autre qui, en le touchant profondément dans son humanité, transformera sa vie et son rapport aux autres.
856 4 1 _uhttps://shs.cairn.info/lheureuse-annonce-selon-marc-i--9782204085830?lang=fr&redirect-ssocas=7080
999 _c1643471
_d1643471